Man's nature and nature's man.

Bibliographic Details
Main Author: Dice, Lee Raymond, 1887-
Format: Book
Language:English
Published: [Place of publication not identified] : University of Michigan Press, 1955.
Subjects:

MARC

Tag First Indicator Second Indicator Subfields
LEADER 00000cam a2200000 4500
001 in00000039598
005 20151007081838.0
008 720303s1955 eng u
010 |a  55010727  
035 |a (OCoLC)00255055 
035 |9 AAF6997AM 
040 |c WSU  |d TXA  |d UtOrBLW 
049 |a TXAM  |c [263338] 
050 0 |a HM206  |b .D5 
090 |a HM206  |b .D5 1955 
092 |a 301  |b D546m 
100 1 |a Dice, Lee Raymond,  |d 1887- 
245 1 0 |a Man's nature and nature's man. 
264 1 |a [Place of publication not identified] :  |b University of Michigan Press,  |c 1955. 
300 |a 329 pages 
336 |a text  |b txt  |2 rdacontent 
337 |a unmediated  |b n  |2 rdamedia 
338 |a volume  |b nc  |2 rdacarrier 
504 |a Includes bibliography. 
650 0 |a Human ecology. 
999 |a MARS 
999 f f |s 549a8d10-55b7-3d7d-aaa8-618170501dc5  |i 2a15b4a7-fa3b-3157-9fe6-bb5c9697138d  |t 0 
952 f f |p ric  |a Texas A&M University  |b Rellis Campus  |c Joint Library Facility  |d Remote Storage  |t 0  |e HM206 .D5 1955  |h Library of Congress classification  |i unmediated -- volume  |m A14800631612 
998 f f |a HM206 .D5 1955  |t 0  |l Remote Storage